César Vallejo en su fase trílcica / (Record no. 111151)

MARC details
000 -LEADER
campo de control de longitud fija 00524nam a2200169 4500
001 - NÚMERO DE CONTROL
campo de control 111151
003 - IDENTIFICADOR DE NÚMERO DE CONTROL
campo de control ES-MaACL
007 - CAMPO FIJO DE DESCRIPCIÓN FÍSICA--INFORMACIÓN GENERAL
campo de control de longitud fija t|
008 - DATOS DE LONGITUD FIJA--INFORMACIÓN GENERAL
campo de control de longitud fija 061121s1975 xxu r ||||1| spa d
100 1# - ENTRADA PRINCIPAL--NOMBRE DE PERSONA
Nombre de persona Neale-Silva, Eduardo.
9 (RLIN) 85255
245 10 - MENCIÓN DEL TÍTULO
Título César Vallejo en su fase trílcica /
Mención de responsabilidad, etc. Eduardo Neale-Silva.
250 ## - MENCION DE EDICION
Mención de edición 1st printing.
260 ## - PUBLICACIÓN, DISTRIBUCIÓN, ETC.
Lugar de publicación, distribución, etc. Wisconsin :
Nombre del editor, distribuidor, etc. The University of Winconsin Press,
Fecha de publicación, distribución, etc. 1975.
300 ## - DESCRIPCIÓN FÍSICA
Extensión 663 p., 1 lám. ;
Dimensiones 22 cm.
710 2# - ENTRADA AGREGADA--NOMBRE DE ENTIDAD CORPORATIVA
Nombre de entidad corporativa o nombre de jurisdicción como elemento de entrada University of Winconsin.
9 (RLIN) 7517
852 ## - LOCALIZACIÓN
Ubicación ES-MaACL
Número de control de estantería L-7636
Sublocalización o colección R.108147
Holdings
Estatus retirado Estado de pérdida Estado de daño No para préstamo Biblioteca de origen Biblioteca actual Ubicación en estantería Fecha de adquisición Fuente de adquisición Total de préstamos Signatura topográfica completa Código de barras Visto por última vez Precio de reemplazo Tipo de ítem Koha
        Biblioteca del Ateneo de Madrid Biblioteca del Ateneo de Madrid Depósito 2 17/01/2008     L-7636 1115966 23/02/2023 23/02/2023 Libro impreso